| 000 | 00581nam a2200205Ia 4500 | ||
|---|---|---|---|
| 005 | 20250923145240.0 | ||
| 008 | 008 250917s9999 xx 000 0 eng d | ||
| 037 | _aTextual | ||
| 040 |
_aDSWL _beng _cDSWL |
||
| 041 |
_aeng _2eng |
||
| 084 |
_aX:9C.56, N60 _qDSWL |
||
| 100 |
_aClay, H.M. _9833344 |
||
| 245 | 4 |
_aThe older worker and his Job _cby H.M. Clay |
|
| 260 |
_aLondon _bHer Majestys Stationery Office _c1960 |
||
| 300 | _axx,185p. | ||
| 365 |
_aINR _b1 .3 |
||
| 925 | _g1 .3 | ||
| 942 |
_cTEXL _hX:9C.56, N60 |
||
| 999 |
_c1448963 _d1448963 |
||